02291nas a2200337 4500000000100000008004100001260001300042653001500055653001000070653002100080653001300101653001100114653002200125653001100147653001400158653002300172653001200195653000900207653001600216653003900232653001700271653002100288100001700309245005200326856005900378300001200437490001300449050003200462520144500494022001401939 2000 d c2000 Dec10aAdolescent10aAdult10aAge Distribution10aEthiopia10aFemale10aFollow-Up Studies10aHumans10aIncidence10aLeprostatic Agents10aleprosy10aMale10aMiddle Aged10aPeripheral Nervous System Diseases10aRisk Factors10aSex Distribution1 aSaunderson P00aThe epidemiology of reactions and nerve damage. uhttp://leprev.ilsl.br/pdfs/2000/v71s1/pdf/v71s1a22.pdf aS106-100 v71 Suppl aInfolep Library - available3 a

The ALERT MDT Field Evaluation Study (AMFES) in Ethiopia, which was begun in 1988, involves the follow-up of 594 new patients for as long as 10 years after completion of treatment, including 6-monthly assessments of nerve function. In contrast to similar studies in India and Bangladesh, the Ethiopian cohort presented late, had a high rate of disability at diagnosis (55%), a high rate of multibacillary disease (51%) and a high rate of subsequent neuropathy (43%). Preliminary findings include the following. One-third of the patients never exhibited nerve damage. True acute neuropathy has a very good prognosis when treated with a standard course of steroids; full recovery was observed in 88% of nerves. Chronic and recurrent neuropathy have a worse prognosis; these problems need to be identified early and managed appropriately, employing either new steroid regimens or new drugs. The risk factors identified in this study include, for neuropathy, older age, delay of diagnosis, thickened nerves at diagnosis, and reversal reactions. Risk factors for chronic or recurrent neuropathy include classification, impairment at diagnosis, and reversal and ENL reactions. Those factors associated with a poor outcome include impairment at diagnosis, and chronic or recurrent neuropathy. Various problems faced in research in the area of leprosy reactions and neuropathy are discussed, as are the priorities for research in the future.

 a0305-7518